[Event "France - Open A"]
[Site "Chartres"]
[Date "2019.08.21"]
[Round "5.12"]
[White "Sabatier, Mathis"]
[Black "Fournier, Dimitri"]
[Result "1-0"]
[WhiteElo "2152"]
[BlackElo "2034"]
[PlyCount "147"]
[EventDate "2019.08.??"]
[EventType "swiss"]
[EventRounds "9"]
[EventCountry "FRA"]
[WhiteTeam "Echecs Club de Corbas"]
[BlackTeam "Club du Canal St-Martin Paris"]

1. Nf3 Nf6 2. g3 e6 3. Bg2 d5 4. O-O Be7 5. d4 O-O 6. c4 dxc4 7. Ne5 Nc6 8.
Nxc6 bxc6 9. Na3 Bxa3 10. bxa3 Rb8 11. Qa4 Rb6 12. Bd2 Ba6 13. Bb4 Bb5 14. Qc2
Re8 15. a4 Qxd4 16. axb5 cxb5 17. Rfd1 Qe5 18. Bc3 Qf5 19. e4 Qh5 20. Bd4 c5
21. Bxf6 gxf6 22. a4 a6 23. Qc3 Qe5 24. Qa5 Reb8 25. Rac1 Qb2 26. axb5 axb5 27.
Rb1 Qc2 28. Rdc1 Qd3 29. Bf1 Qd6 30. Rc2 R6b7 31. Rcb2 Qd7 32. Bxc4 Qd4 33.
Rxb5 Rxb5 34. Rxb5 Rxb5 35. Qxb5 Qxe4 36. Qxc5 Qe1+ 37. Bf1 Kg7 38. h4 Qa1 39.
h5 f5 40. Qe3 h6 41. Kg2 Qf6 42. Bd3 Qc3 43. Qf3 Qe5 44. Be2 Qd4 45. Qb7 Qe5
46. Bf3 Qd4 47. Qb5 Kf6 48. Qb3 Kg7 49. Qe3 Qf6 50. Qf4 Qb2 51. Kf1 Qa1+ 52.
Ke2 Qc3 53. Qd2 Qe5+ 54. Qe3 Qb2+ 55. Ke1 Qa1+ 56. Bd1 Qb2 57. f4 Qg2 58. Be2
Kg8 59. Qd3 Qg1+ 60. Kd2 Qb6 61. Qc3 Qd6+ 62. Bd3 Qd5 63. Qc8+ Kg7 64. Qc3+ Kg8
65. Qf6 Qg2+ 66. Be2 Qd5+ 67. Ke3 Qb3+ 68. Kf2 Qb6+ 69. Kg2 Qb7+ 70. Bf3 Qd7
71. Qxh6 Qd2+ 72. Kh3 e5 73. Qg5+ Kf8 74. h6 1-0

[Event "France - Open A"]
[Site "Chartres"]
[Date "2019.08.21"]
[Round "5.13"]
[White "Deveque, Guillaume"]
[Black "Weill, Roland"]
[Result "1/2-1/2"]
[WhiteElo "2016"]
[BlackElo "2146"]
[PlyCount "103"]
[EventDate "2019.08.??"]
[EventType "swiss"]
[EventRounds "9"]
[EventCountry "FRA"]
[WhiteTeam "Lille Université Club Echiquier du Nord"]
[BlackTeam "Echiquier Centre Vaucluse "]

1. e4 e5 2. Nf3 Nc6 3. d4 exd4 4. Nxd4 Bc5 5. Nxc6 Qf6 6. Qd2 bxc6 7. Bc4 Ne7
8. O-O O-O 9. Nc3 d6 10. Qg5 Be6 11. Qxf6 gxf6 12. Ba6 Rab8 13. Na4 Bb6 14.
Nxb6 axb6 15. Bh6 Rfe8 16. f4 b5 17. f5 Bd7 18. a4 Rb6 19. axb5 cxb5 20. Ra3
Kh8 21. c4 b4 22. c5 dxc5 23. Rg3 Rg8 24. Bc4 Rxg3 25. hxg3 Bb5 26. Bxb5 Rxb5
27. Rd1 c4 28. Rc1 c3 29. bxc3 b3 30. Rb1 Nc6 31. c4 Rb7 32. Kf2 Ne5 33. Ke2
Nxc4 34. Kd3 Ne5+ 35. Kc3 Ng4 36. Bf4 Nf2 37. Rxb3 Nxe4+ 38. Kc4 Nd6+ 39. Bxd6
Rxb3 40. Kxb3 cxd6 41. Kc4 Kg7 42. Kd5 Kh6 43. Kxd6 Kg5 44. Ke7 h5 45. Kxf7
Kxf5 46. Kg7 Kg5 47. Kf7 f5 48. Kg7 Kg4 49. Kg6 Kxg3 50. Kxf5 h4 51. Kg5 Kxg2
52. Kxh4 1/2-1/2

[Event "France - Open A"]
[Site "Chartres"]
[Date "2019.08.21"]
[Round "5.14"]
[White "Bleuzen, Erwan"]
[Black "Roux, Baptiste"]
[Result "1/2-1/2"]
[WhiteElo "2013"]
[BlackElo "2130"]
[PlyCount "159"]
[EventDate "2019.08.??"]
[EventType "swiss"]
[EventRounds "9"]
[EventCountry "FRA"]
[WhiteTeam "Echiquier Gouesnousien"]
[BlackTeam "Corsica Chess Club"]

1. d4 d5 2. c4 dxc4 3. e4 e5 4. Nf3 exd4 5. Nxd4 Bc5 6. Qa4+ c6 7. Nf3 b5 8.
Qc2 Na6 9. a3 h6 10. Be2 Nf6 11. O-O O-O 12. Nbd2 Re8 13. e5 Nd5 14. b3 Nf4 15.
Re1 Nxe2+ 16. Rxe2 Qd3 17. Qxd3 cxd3 18. Re4 Be6 19. Bb2 Bb6 20. Nd4 Bxd4 21.
Rxd4 Red8 22. Rc1 c5 23. Rxd8+ Rxd8 24. f4 c4 25. bxc4 bxc4 26. Bc3 Nc5 27. Kf2
Nb3 28. Rb1 a5 29. Ke3 a4 30. Rb2 Na1 31. Ne4 Nc2+ 32. Kd2 Nxa3 33. Rb4 Ra8 34.
Nc5 Nc2 35. Rxa4 Rxa4 36. Nxa4 Na3 37. Bb4 Nb5 38. Ke3 h5 39. Nc3 Na7 40. Ne4
Nc6 41. Bc3 Ne7 42. Bd2 Nf5+ 43. Kf2 Bd5 44. Nc3 Bc6 45. Nd1 Kh7 46. Bc3 Kg6
47. g3 Bd5 48. Ne3 Be6 49. Nxf5 Kxf5 50. Ke3 Kg4 51. Kf2 g6 52. Bd2 Kf5 53. Ke3
f6 54. exf6 Kxf6 55. Bc3+ Kf5 56. Bd2 Kg4 57. Kf2 Bd5 58. Bc3 g5 59. fxg5 Kxg5
60. Bd2+ Kg4 61. Bc3 Be6 62. Ba5 Kh3 63. Kg1 Kg4 64. Kf2 Kf5 65. Ke3 Ke5 66.
Bc7+ Kd5 67. Ba5 Kc5 68. Bc3 Kb5 69. Kd2 Bd7 70. Ke3 Kc5 71. Bh8 Kb4 72. Kd2
Kb5 73. Ke3 Be8 74. Ba1 Kb4 75. Kd2 Kc5 76. Ke3 Kd5 77. Bc3 Ke6 78. Kf4 Kd5 79.
Ke3 Bd7 80. Bb4 1/2-1/2

[Event "France - Open A"]
[Site "Chartres"]
[Date "2019.08.21"]
[Round "5.15"]
[White "Maleki, Nicolas"]
[Black "Veron, Cyprien"]
[Result "1-0"]
[WhiteElo "2118"]
[BlackElo "2012"]
[PlyCount "55"]
[EventDate "2019.08.??"]
[EventType "swiss"]
[EventRounds "9"]
[EventCountry "FRA"]
[WhiteTeam "Echiquier Tourangeau"]
[BlackTeam "Saint Hilaire Petitville"]

1. e4 e5 2. Nc3 Nf6 3. f4 d5 4. fxe5 Nxe4 5. Nf3 Bb4 6. Qe2 Nxc3 7. dxc3 Be7 8.
Bf4 O-O 9. O-O-O c5 10. h4 Nc6 11. Qd3 Qa5 12. Ng5 Bxg5 13. hxg5 g6 14. Qg3 Be6
15. Be2 Rfd8 16. Bg4 Rd7 17. Rxh7 Bxg4 18. Qxg4 f5 19. gxf6 Rxh7 20. Qxg6+ Kh8
21. f7 Qd8 22. Bg5 Qxg5+ 23. Qxg5 Rxf7 24. Rh1+ Rh7 25. Qf6+ Kg8 26. Rxh7 Kxh7
27. Qf7+ Kh6 28. Qxb7 1-0

[Event "France - Open A"]
[Site "Chartres"]
[Date "2019.08.21"]
[Round "5.16"]
[White "Adrian, Leopold"]
[Black "Baroyan, Davit"]
[Result "0-1"]
[WhiteElo "1990"]
[BlackElo "2094"]
[PlyCount "72"]
[EventDate "2019.08.??"]
[EventType "swiss"]
[EventRounds "9"]
[EventCountry "FRA"]
[WhiteTeam "Vandoeuvre-Echecs"]
[BlackTeam "Marseille-Echecs"]

1. c4 e6 2. g3 d5 3. Bg2 c6 4. d4 Bd6 5. Nf3 Nd7 6. O-O f5 7. Nbd2 Ngf6 8. Qc2
Ne4 9. Ne1 Qf6 10. Ndf3 g5 11. cxd5 exd5 12. Nd3 O-O 13. Nfe5 Bxe5 14. dxe5
Nxe5 15. Nxe5 Qxe5 16. f3 Qd4+ 17. e3 Qc5 18. Qd3 Nd6 19. b4 Qc4 20. Qd2 a5 21.
bxa5 Qc5 22. Qd4 Qxd4 23. exd4 f4 24. gxf4 gxf4 25. Ba3 Rf6 26. Rfe1 Kf7 27.
Bb4 Nf5 28. Rab1 Rg6 29. Kf2 Ne3 30. Rg1 Bf5 31. Rbe1 Nc2 32. Re7+ Kf6 33. Rxb7
Rag8 34. Be7+ Ke6 35. a6 Ne3 36. a7 Rxg2+ 0-1

[Event "France - Open A"]
[Site "Chartres"]
[Date "2019.08.21"]
[Round "5.17"]
[White "Denninger, Guilhem"]
[Black "Muller, Matthieu"]
[Result "1-0"]
[WhiteElo "2072"]
[BlackElo "1953"]
[PlyCount "89"]
[EventDate "2019.08.??"]
[EventType "swiss"]
[EventRounds "9"]
[EventCountry "FRA"]
[WhiteTeam "Echecs Club Montpellier"]
[BlackTeam "Mulhouse Philidor"]

1. c4 Nf6 2. Nc3 g6 3. d4 Bg7 4. e4 d6 5. Be2 O-O 6. Nf3 Nc6 7. O-O e5 8. d5
Ne7 9. Ne1 Ne8 10. Nd3 f5 11. f3 f4 12. b4 g5 13. c5 Rf6 14. a4 Rh6 15. Nf2 Nf6
16. Nb5 a6 17. Na3 Qe8 18. cxd6 Qh5 19. h3 cxd6 20. Nc4 Ne8 21. Nb6 Rb8 22. b5
axb5 23. axb5 Qh4 24. Bd2 Rf6 25. Qa4 g4 26. Nxg4 Bxg4 27. fxg4 Rf7 28. Qa7 Rd8
29. Nc4 Bh6 30. Be1 Qf6 31. Ba5 Nc8 32. Bxd8 Qxd8 33. Qa5 Qh4 34. Qe1 Qd8 35.
Qb4 f3 36. Rxf3 Rxf3 37. Bxf3 Bf4 38. Ra8 Qc7 39. b6 Qd8 40. Qb5 Kf7 41. Rb8
Qh4 42. Kf1 Bg3 43. Rxc8 Nf6 44. Nxd6+ Kg6 45. Nf5 1-0

[Event "France - Open A"]
[Site "Chartres"]
[Date "2019.08.21"]
[Round "5.18"]
[White "Ribiere, Damien"]
[Black "Spitz, Patrick"]
[Result "0-1"]
[WhiteElo "2042"]
[BlackElo "2008"]
[PlyCount "110"]
[EventDate "2019.08.??"]
[EventType "swiss"]
[EventRounds "9"]
[EventCountry "FRA"]
[WhiteTeam "Club d'Echecs de Guyancourt"]
[BlackTeam "Cavalier de la Tourelle Saint-Mande"]

1. e4 c5 2. a3 Nc6 3. b4 Nf6 4. b5 Nd4 5. c3 Ne6 6. d3 g6 7. Ne2 Bg7 8. Nd2 d6
9. g3 a6 10. Rb1 axb5 11. Rxb5 Bd7 12. Rb1 Ba4 13. Nb3 c4 14. dxc4 Nc5 15. Ned4
Nxb3 16. Nxb3 Nxe4 17. Qd3 Nxc3 18. Rb2 Bc6 19. f3 Rxa3 20. Nd4 O-O 21. Rc2 Qa5
22. Bxa3 Nb5+ 23. Qd2 Qxd2+ 24. Rxd2 Nxd4 25. Bg2 Nxf3+ 26. Bxf3 Bxf3 27. Rf1
Be4 28. Bb2 Bh6 29. Rd4 f5 30. Ke2 Rc8 31. Ra1 d5 32. Ra7 Bg7 33. Rd2 Bxb2 34.
Rxb2 dxc4 35. Ra1 c3 36. Rba2 Kf7 37. Ke3 c2 38. Kd2 e5 39. Kc1 Kf6 40. Rb2 Rd8
41. Rb6+ Kg5 42. Kb2 Rd1 43. Rc1 f4 44. Rb5 fxg3 45. hxg3 Kf5 46. Rb4 h5 47.
Ra4 g5 48. Rc4 Rd4 49. Rc3 Rb4+ 50. Rb3 Rxb3+ 51. Kxb3 Kg4 52. Kb2 Kxg3 53.
Rg1+ Bg2 54. Kxc2 h4 55. Re1 e4 0-1

[Event "France - Open A"]
[Site "Chartres"]
[Date "2019.08.21"]
[Round "5.19"]
[White "Berger Dit Lacroix, Kilian"]
[Black "Jaulin, Marc"]
[Result "1/2-1/2"]
[WhiteElo "1967"]
[BlackElo "2038"]
[PlyCount "62"]
[EventDate "2019.08.??"]
[EventType "swiss"]
[EventRounds "9"]
[EventCountry "FRA"]
[WhiteTeam "Echecs Club de Corbas"]
[BlackTeam "Echiquier de Franconville"]

1. e4 c5 2. Nf3 g6 3. d4 cxd4 4. Nxd4 Nc6 5. c4 Bg7 6. Be3 Nf6 7. Nc3 O-O 8.
Be2 d6 9. O-O Bd7 10. h3 Nxd4 11. Bxd4 Bc6 12. Qc2 a5 13. Rad1 Nd7 14. Bxg7
Kxg7 15. Bg4 Qb6 16. Bxd7 Bxd7 17. Nd5 Qd8 18. Qb3 f6 19. f4 a4 20. Qb4 Bc6 21.
Rfe1 Rf7 22. e5 fxe5 23. fxe5 Ra6 24. exd6 exd6 25. Re6 Bxd5 26. Rxd5 Qb6+ 27.
Qxb6 Rxb6 28. Rd2 Rb4 29. Rexd6 Rxc4 30. R6d4 Rxd4 31. Rxd4 b5 1/2-1/2

[Event "France - Open A"]
[Site "Chartres"]
[Date "2019.08.21"]
[Round "5.20"]
[White "De Lussac, Rainier"]
[Black "Kantzer, Romain"]
[Result "1/2-1/2"]
[WhiteElo "2164"]
[BlackElo "2034"]
[PlyCount "65"]
[EventDate "2019.08.??"]
[EventType "swiss"]
[EventRounds "9"]
[EventCountry "FRA"]
[WhiteTeam "Cercle d'Echecs de Nantes"]
[BlackTeam "Bischwiller"]

1. d4 Nf6 2. c4 e6 3. Nf3 Bb4+ 4. Nbd2 O-O 5. a3 Be7 6. e4 d6 7. Be2 Nbd7 8.
O-O e5 9. Qc2 a5 10. b3 Re8 11. Bb2 Bf8 12. b4 c6 13. dxe5 Nxe5 14. Nxe5 dxe5
15. Bc3 Qc7 16. Qb2 Nd7 17. Rad1 Nb6 18. c5 Na4 19. Qc2 Nxc3 20. Qxc3 axb4 21.
axb4 b6 22. Nb3 b5 23. Na5 g6 24. Rd2 Be6 25. Rfd1 Be7 26. g3 Rad8 27. Rxd8
Rxd8 28. Rxd8+ Bxd8 29. Bd1 Qd7 30. Bb3 Bxb3 31. Nxb3 Bg5 32. Qc2 f6 33. Kg2
1/2-1/2

[Event "France - Open A"]
[Site "Chartres"]
[Date "2019.08.21"]
[Round "5.21"]
[White "Corgeron, Jean-Luc"]
[Black "Girardon, Jerome"]
[Result "0-1"]
[WhiteElo "2036"]
[BlackElo "2164"]
[PlyCount "128"]
[EventDate "2019.08.??"]
[EventType "swiss"]
[EventRounds "9"]
[EventCountry "FRA"]
[WhiteTeam "Club Avenir St Georges Section Echecs "]
[BlackTeam "Gueugnon Echecs"]

1. Nf3 g6 2. c4 Bg7 3. d4 c5 4. e3 Nf6 5. Nc3 O-O 6. Bd3 cxd4 7. Nxd4 d5 8.
cxd5 Nxd5 9. O-O Nb6 10. Nde2 N8d7 11. a4 Nc5 12. Bc2 Be6 13. b4 Na6 14. Rb1
Qc8 15. Bd2 Nc4 16. Bd3 Rd8 17. Bxc4 Bxc4 18. Re1 Bd3 19. Rc1 Qd7 20. Qb3 Rac8
21. Red1 Qg4 22. Nf4 Bc4 23. Qb1 e5 24. f3 Qg5 25. Nh3 Qe7 26. Ne4 Bd3 27. Qb3
Rxc1 28. Rxc1 Bxe4 29. fxe4 Qd7 30. b5 Nc7 31. Bb4 Ne6 32. Nf2 h5 33. Bc3 Rc8
34. Rd1 Qc7 35. Bb4 Bh6 36. Qa3 Qc2 37. Kf1 Rc4 38. Re1 b6 39. Qd3 Qxd3+ 40.
Nxd3 Rxe4 41. Kf2 f6 42. a5 Rc4 43. axb6 axb6 44. Bd6 Ng5 45. Be7 Rc7 46. Bb4
Ne4+ 47. Kf3 Nc3 48. Rc1 e4+ 49. Kf2 Nxb5 50. Rxc7 Nxc7 51. Nb2 Nd5 52. Bd2 b5
53. h3 h4 54. Ke2 f5 55. Nd1 Bg7 56. Be1 g5 57. Kd2 Be5 58. Kc2 Kf7 59. Kb3 Ke6
60. Bd2 f4 61. Nf2 fxe3 62. Bxe3 Nxe3 63. Nxe4 Kf5 64. Nf2 Nd5 0-1

[Event "France - Open A"]
[Site "Chartres"]
[Date "2019.08.21"]
[Round "5.22"]
[White "Emmenecker, Pierre-Antoine"]
[Black "Caloone, Thomas"]
[Result "0-1"]
[WhiteElo "2021"]
[BlackElo "2111"]
[PlyCount "110"]
[EventDate "2019.08.??"]
[EventType "swiss"]
[EventRounds "9"]
[EventCountry "FRA"]
[WhiteTeam "Issy-Les-Moulineaux"]
[BlackTeam "Lille Université Club Echiquier du Nord"]

1. e4 e5 2. Nf3 Nc6 3. d4 exd4 4. Bc4 Nf6 5. e5 d5 6. Bb5 Ne4 7. Nxd4 Bd7 8.
Bxc6 bxc6 9. O-O Bc5 10. f3 Ng5 11. f4 Ne4 12. Be3 Qe7 13. Nd2 Nxd2 14. Qxd2
O-O 15. Nb3 Bb6 16. Qc3 Rfe8 17. Bc5 Bxc5+ 18. Qxc5 Qxc5+ 19. Nxc5 Bf5 20. c3
Rab8 21. b3 a5 22. Rad1 h5 23. Rfe1 Rb5 24. Na4 Be6 25. Nb2 c5 26. f5 Bxf5 27.
Rxd5 Be6 28. c4 Bxd5 29. cxb5 Rb8 30. Rc1 Rxb5 31. Nd3 c6 32. Rxc5 Be4 33. Rxb5
cxb5 34. Nc5 Bd5 35. Kf2 Kh7 36. g3 Kg6 37. Ke3 Kf5 38. Kd4 Bc6 39. Nd3 Be4 40.
Nf4 Bf3 41. Nd3 g5 42. Nf2 a4 43. bxa4 bxa4 44. a3 Bb7 45. h3 Bg2 46. Nd1 Bxh3
47. Ne3+ Ke6 48. Ke4 Kd7 49. Nc4 Kc6 50. Kd4 Be6 51. Nd2 Bd5 52. Nf1 Bf3 53.
Ke3 Bg2 54. Nd2 Kd5 55. Kf2 Bh1 0-1

[Event "France - Open A"]
[Site "Chartres"]
[Date "2019.08.21"]
[Round "5.23"]
[White "Emmenecker, Philippe"]
[Black "Bellaiche, Elise"]
[Result "1/2-1/2"]
[WhiteElo "2098"]
[BlackElo "1996"]
[PlyCount "76"]
[EventDate "2019.08.??"]
[EventType "swiss"]
[EventRounds "9"]
[EventCountry "FRA"]
[WhiteTeam "Issy-Les-Moulineaux"]
[BlackTeam "Cercle d'Echecs de Villepinte"]

1. d4 Nf6 2. c4 e6 3. a3 b6 4. Nf3 Bb7 5. Nc3 d5 6. cxd5 exd5 7. Bg5 Be7 8. e3
O-O 9. Bd3 Nbd7 10. O-O Ne4 11. Bxe7 Qxe7 12. Rc1 Ndf6 13. Ne2 c5 14. dxc5 bxc5
15. Qa4 Rfc8 16. Rfd1 Bc6 17. Qc2 Rab8 18. Ng3 Nxg3 19. hxg3 Bd7 20. Bf5 Bxf5
21. Qxf5 Qe6 22. Qxe6 fxe6 23. Rc2 Ne4 24. Ne5 c4 25. g4 h6 26. f3 Nf6 27. e4
Rb3 28. exd5 exd5 29. Kf2 Rcb8 30. Rdd2 R8b6 31. Ke1 Re3+ 32. Re2 Rxe2+ 33.
Rxe2 Kf8 34. Kd1 a5 35. Kc2 a4 36. Ng6+ Kf7 37. Ne5+ Kf8 38. Ng6+ Kf7 1/2-1/2

[Event "France - Open A"]
[Site "Chartres"]
[Date "2019.08.21"]
[Round "5.24"]
[White "Boulos, Carlos"]
[Black "Labrande, Theodore"]
[Result "1-0"]
[WhiteElo "2078"]
[BlackElo "1996"]
[PlyCount "54"]
[EventDate "2019.08.??"]
[EventType "swiss"]
[EventRounds "9"]
[EventCountry "FRA"]
[WhiteTeam "J.E.E.N."]
[BlackTeam "La Tour Saint Pierroise"]

1. e4 c5 2. Nc3 Nc6 3. f4 g6 4. Nf3 Bg7 5. Bb5 Nd4 6. a4 a6 7. Bc4 e6 8. e5 d5
9. exd6 Qxd6 10. d3 Ne7 11. Ne4 Qc7 12. c3 Ndf5 13. O-O O-O 14. a5 Nd5 15. Qe2
Bd7 16. Ne5 Nxf4 17. Bxf4 Qd8 18. Nxc5 Bc6 19. Nxc6 bxc6 20. Ne4 h6 21. d4 Qh4
22. g3 Qd8 23. Be5 h5 24. Bxg7 Kxg7 25. b4 Rh8 26. Rad1 Qc7 27. Ng5 Raf8 1-0

[Event "France - Open A"]
[Site "Chartres"]
[Date "2019.08.21"]
[Round "5.25"]
[White "Anes, Emmanuel"]
[Black "Henno, Francois"]
[Result "1-0"]
[WhiteElo "2014"]
[BlackElo "2077"]
[PlyCount "87"]
[EventDate "2019.08.??"]
[EventType "swiss"]
[EventRounds "9"]
[EventCountry "FRA"]
[WhiteTeam "L'Echiquier du Lac Enghien"]
[BlackTeam "Cercle d'Echecs de Nantes"]

1. e4 d6 2. d4 Nf6 3. Nc3 Nbd7 4. f4 e5 5. Nf3 exd4 6. Qxd4 c6 7. Bc4 Qb6 8.
Qxb6 Nxb6 9. Bb3 Be7 10. a4 O-O 11. h3 a5 12. g4 Nfd7 13. O-O Nc5 14. Be3 Nxb3
15. cxb3 Nd7 16. Nd2 Nc5 17. f5 Rd8 18. Rad1 Bd7 19. Nc4 Be8 20. Bf4 Nxb3 21.
Nxd6 b5 22. axb5 Bxd6 23. Rxd6 cxb5 24. Rfd1 Rxd6 25. Rxd6 f6 26. e5 fxe5 27.
Bxe5 Nc5 28. Bd4 Nd3 29. Nd5 Bf7 30. Nc7 Rb8 31. Rd7 Nf4 32. Kh2 Ne2 33. Be3
Be8 34. Re7 Bc6 35. Ne6 Rb7 36. Nc7 b4 37. Bc5 Nf4 38. Bd6 Nd3 39. Re2 a4 40.
Rc2 Rb6 41. Nd5 a3 42. Nxb6 a2 43. Rxc6 h5 44. Rc8+ 1-0

[Event "France - Open A"]
[Site "Chartres"]
[Date "2019.08.21"]
[Round "5.26"]
[White "Dubuisson, Samuel"]
[Black "Saya, Ethan"]
[Result "0-1"]
[WhiteElo "1996"]
[BlackElo "2068"]
[PlyCount "72"]
[EventDate "2019.08.??"]
[EventType "swiss"]
[EventRounds "9"]
[EventCountry "FRA"]
[WhiteTeam "Amicale Laique de Molinghem"]
[BlackTeam "Echiquier Grenoblois"]

1. d4 Nf6 2. c4 e6 3. Nf3 b6 4. g3 Ba6 5. Qc2 c5 6. Bg2 Bb7 7. d5 exd5 8. Nh4
Nc6 9. cxd5 Nb4 10. Qb3 Bxd5 11. Bxd5 Nbxd5 12. e4 c4 13. Qf3 Nb4 14. O-O Be7
15. Nc3 Nd3 16. Nf5 O-O 17. Bg5 Nd5 18. Nxd5 Bxg5 19. h4 Bf6 20. Nh6+ Kh8 21.
Rad1 Bxb2 22. Nxf7+ Kg8 23. Nxd8 Rxf3 24. Kg2 Rxf2+ 25. Rxf2 Nxf2 26. Kxf2 Rxd8
27. Ke3 Kf7 28. Nb4 a5 29. Nc6 Rc8 30. Rxd7+ Ke6 31. Re7+ Kd6 32. Na7 Rc5 33.
Rb7 c3 34. Rxb6+ Kd7 35. Rb5 Rxb5 36. Nxb5 c2 0-1

[Event "France - Open A"]
[Site "Chartres"]
[Date "2019.08.21"]
[Round "5.27"]
[White "Humeau, Mickael"]
[Black "Bergougnoux, Axel"]
[Result "1/2-1/2"]
[WhiteElo "1993"]
[BlackElo "2064"]
[PlyCount "93"]
[EventDate "2019.08.??"]
[EventType "swiss"]
[EventRounds "9"]
[EventCountry "FRA"]
[WhiteTeam "L'Echiquier Angevin"]
[BlackTeam "Cannes Echecs"]

1. g4 d5 2. h3 g6 3. d3 Bg7 4. Nf3 e5 5. Nc3 Ne7 6. Bd2 c5 7. e4 Nbc6 8. Qc1
O-O 9. Bg2 d4 10. Ne2 f5 11. Bh6 fxe4 12. dxe4 c4 13. O-O Qd6 14. Rd1 Be6 15.
Ng3 Rac8 16. Bxg7 Kxg7 17. Qg5 Ng8 18. Nf5+ Bxf5 19. gxf5 Qf6 20. Bf1 Nb4 21.
c3 Nc2 22. Rac1 d3 23. Qg3 Rfe8 24. Nd2 b5 25. Bxd3 cxd3 26. Qxd3 Qg5+ 27. Kh1
Ne1 28. Rxe1 Rcd8 29. Qxb5 Qxd2 30. Qc5 Qf4 31. Qxa7+ Ne7 32. fxg6 hxg6 33. Kg2
Rd3 34. Re3 Rd2 35. Rf1 Kh6 36. b4 Rf8 37. Ree1 Qf3+ 38. Kg1 Rf7 39. Qc5 Qxh3
40. Qxe5 Qg4+ 41. Qg3 Qxg3+ 42. fxg3 Rxf1+ 43. Rxf1 Rxa2 44. Rf2 Ra3 45. Rf7
Nc6 46. Rc7 Ne5 47. Kf2 1/2-1/2

[Event "France - Open A"]
[Site "Chartres"]
[Date "2019.08.21"]
[Round "5.28"]
[White "Labandibar, Benoit"]
[Black "Steibel, Julien"]
[Result "1-0"]
[WhiteElo "2059"]
[BlackElo "1993"]
[PlyCount "125"]
[EventDate "2019.08.??"]
[EventType "swiss"]
[EventRounds "9"]
[EventCountry "FRA"]
[WhiteTeam "MJC Chécy"]
[BlackTeam "Bischwiller"]

1. d4 Nf6 2. c4 g6 3. Nc3 d5 4. cxd5 Nxd5 5. Na4 Bg7 6. e4 Nb6 7. Be3 Nxa4 8.
Qxa4+ Bd7 9. Qc2 Nc6 10. Nf3 O-O 11. d5 Ne5 12. Nxe5 Bxe5 13. f4 Bg7 14. Bc4 c6
15. Rd1 Qa5+ 16. Qd2 Qxd2+ 17. Rxd2 Rfc8 18. O-O cxd5 19. Bxd5 Bc6 20. Bxc6
Rxc6 21. Rfd1 h5 22. Rd7 Bxb2 23. Rxe7 Rac8 24. Rxb7 Bc1 25. Rb3 Bxe3+ 26. Rxe3
Rc2 27. a3 Ra2 28. h4 Rcc2 29. Rg3 Re2 30. e5 Kf8 31. Rd8+ Kg7 32. f5 Rxe5 33.
fxg6 fxg6 34. Rd7+ Kf6 35. Rd6+ Ke7 36. Rdxg6 Re4 37. Rg7+ Kf8 38. Rxa7 Rxh4
39. Rf3+ Kg8 40. Rd3 Rf4 41. Rd8+ Rf8 42. Rdd7 Rf5 43. Rd8+ Rf8 44. Rd5 Rff2
45. Rg5+ Kf8 46. Kh1 Ra1+ 47. Kh2 Raa2 48. Kh3 Ra1 49. Rc5 Rf7 50. Ra8+ Kg7 51.
Rxh5 Rh1+ 52. Kg4 Rxh5 53. Kxh5 Rf2 54. g4 Rf7 55. g5 Rb7 56. a4 Rb1 57. Ra7+
Kh8 58. a5 Rd1 59. Rb7 Rd6 60. Rb6 Rd7 61. a6 Ra7 62. Rb8+ Kg7 63. Rb7+ 1-0

[Event "France - Open A"]
[Site "Chartres"]
[Date "2019.08.21"]
[Round "5.29"]
[White "Trabet, Mathis"]
[Black "Eche, Sylvain"]
[Result "0-1"]
[WhiteElo "1989"]
[BlackElo "2058"]
[PlyCount "58"]
[EventDate "2019.08.??"]
[EventType "swiss"]
[EventRounds "9"]
[EventCountry "FRA"]
[WhiteTeam "Echecs Club de Corbas"]
[BlackTeam "C'Chartres Echecs"]

1. e4 c5 2. Nf3 d6 3. Bb5+ Nd7 4. c3 a6 5. Ba4 b5 6. Bc2 c4 7. O-O Ngf6 8. Qe2
Bb7 9. b3 Rc8 10. d4 cxd3 11. Bxd3 Nc5 12. Nbd2 g6 13. Bb2 Bg7 14. Rfd1 Nh5 15.
Qe3 Qd7 16. h3 O-O 17. Rac1 Nxd3 18. Qxd3 Nf4 19. Qe3 f5 20. Rc2 fxe4 21. Nxe4
Qf5 22. Re1 d5 23. Qb6 dxe4 24. Qxb7 exf3 25. Rxe7 Bf6 26. c4 Bxe7 27. Qxe7 Rf7
28. Qd6 Ne2+ 29. Kh2 Qf4+ 0-1

[Event "France - Open A"]
[Site "Chartres"]
[Date "2019.08.21"]
[Round "5.30"]
[White "Perradin, Vincent"]
[Black "Llapasset, Jean-Louis"]
[Result "0-1"]
[WhiteElo "1982"]
[BlackElo "2050"]
[PlyCount "46"]
[EventDate "2019.08.??"]
[EventType "swiss"]
[EventRounds "9"]
[EventCountry "FRA"]
[WhiteTeam "Echecs Club de Villeurbanne"]
[BlackTeam "Echiquier Diabolique de Canohes"]

1. e4 c5 2. Nf3 d6 3. Nc3 Nf6 4. e5 dxe5 5. Nxe5 Nbd7 6. Nxd7 Bxd7 7. Be2 e6 8.
O-O Qc7 9. Nb5 Qb6 10. a4 a6 11. Na3 Rd8 12. Nc4 Qc7 13. a5 h5 14. d3 Bb5 15.
Nd2 Bd6 16. h3 g5 17. Kh1 g4 18. h4 Bc6 19. Nc4 Bf4 20. Bxf4 Qxf4 21. Qd2 Qxc4
22. Qg5 Qd5 23. Qxd5 Nxd5 0-1

[Event "France - Open A"]
[Site "Chartres"]
[Date "2019.08.21"]
[Round "5.31"]
[White "Calvo, Dylan"]
[Black "Gourbiere, Yohan"]
[Result "1/2-1/2"]
[WhiteElo "1975"]
[BlackElo "2040"]
[PlyCount "82"]
[EventDate "2019.08.??"]
[EventType "swiss"]
[EventRounds "9"]
[EventCountry "FRA"]
[WhiteTeam "Echiquier Tressois"]
[BlackTeam "Echecs Club Montpellier"]

1. d4 d5 2. c4 dxc4 3. Nf3 Nf6 4. e3 e6 5. Bxc4 c5 6. O-O a6 7. Nc3 b5 8. Bb3
Bb7 9. Qe2 Nbd7 10. a4 b4 11. Nb1 Be7 12. Nbd2 O-O 13. Rd1 Qc7 14. Nc4 Rfd8 15.
Bd2 cxd4 16. exd4 Nb6 17. Rac1 Nxc4 18. Bxc4 Qb6 19. Ne5 Rxd4 20. Be3 Rxd1+ 21.
Rxd1 Qc7 22. Bf4 Qc8 23. Rc1 Qe8 24. Nxf7 Qc6 25. Nh6+ Kh8 26. Nf7+ Kg8 27.
Nh6+ Kf8 28. f3 gxh6 29. Bxe6 Qb6+ 30. Kh1 Kg7 31. Rc7 Re8 32. Bc8 Bxc8 33.
Rxe7+ Rxe7 34. Qxe7+ Kg6 35. Be5 Qc6 36. h4 h5 37. Bxf6 Qc1+ 38. Kh2 Qf4+ 39.
Kg1 Qxf6 40. Qe8+ Kg7 41. Qxc8 Qd4+ 1/2-1/2

[Event "France - Open A"]
[Site "Chartres"]
[Date "2019.08.21"]
[Round "5.32"]
[White "Batteux, Mickael"]
[Black "Azymah, Remy"]
[Result "1-0"]
[WhiteElo "2037"]
[BlackElo "1957"]
[PlyCount "155"]
[EventDate "2019.08.??"]
[EventType "swiss"]
[EventRounds "9"]
[EventCountry "FRA"]
[WhiteTeam "Fillé sur Sarthe"]
[BlackTeam "Evry Grand Roque"]

1. d4 Nf6 2. Nf3 g6 3. Nc3 d5 4. Bf4 Bg7 5. Nb5 Na6 6. e3 O-O 7. Be2 c6 8. Nc3
Nc7 9. Ne5 Nd7 10. Nd3 f6 11. O-O e5 12. dxe5 fxe5 13. Bg3 Qe7 14. e4 d4 15.
Nb1 Ne6 16. Nd2 Nf4 17. a4 h5 18. h3 b6 19. Ra3 Kh8 20. Re1 Nc5 21. Nxf4 exf4
22. Bh2 d3 23. cxd3 Bxb2 24. Ra2 Bg7 25. a5 Be6 26. Rc2 Rad8 27. axb6 axb6 28.
Nc4 b5 29. Na5 Qd6 30. Rxc5 Qxc5 31. Nb7 Qe5 32. Nxd8 Rxd8 33. Qc1 g5 34. Qxc6
Rc8 35. Qb6 g4 36. hxg4 hxg4 37. Bxf4 Qxf4 38. Qxe6 Rf8 39. Rf1 g3 40. Qh3+ Kg8
41. Qe6+ Kh8 42. Qh3+ Kg8 43. Qxg3 Qxg3 44. fxg3 Bd4+ 45. Kh2 Rxf1 46. Bxf1 b4
47. Be2 b3 48. Bd1 b2 49. Bb3+ Kg7 50. Ba2 Kf6 51. g4 Be5+ 52. Kg1 Bd4+ 53. Kf1
Kg5 54. Ke2 Kxg4 55. Kd2 Kf4 56. Kc2 Ke3 57. Bb1 Bg7 58. Kb3 Kd4 59. Kxb2 Bf6
60. Kc2 Bg5 61. Kd1 Ke3 62. Ke1 Bh4+ 63. Kf1 Bg3 64. Kg1 Kd4 65. Kf1 Ke3 66.
Bc2 Kd2 67. d4 Kxc2 68. Ke2 Kc3 69. Ke3 Bc7 70. d5 Kc4 71. g4 Kc5 72. g5 Be5
73. Kf3 Kd6 74. Kg4 Bg7 75. Kf5 Bd4 76. Kg6 Ke5 77. Kf7 Kxe4 78. d6 1-0